Statystyki dla Gminy w Powiatach na literę Ż

Kliknij tutaj aby rozwiązać quiz!

Ogólne statystyki

  • Ten quiz został rozwiązany 14 razy
  • Średni wynik to 16 z 49

Statystyki odpowiedzi

PowiatyGminy% Poprawnych
żagańskiŻagań
100%
żarskiŻary
100%
żnińskiŻnin
100%
żyrardowskiŻyrardów
100%
żywieckiŻywiec
100%
żuromińskiŻuromin
92%
Łęknica
54%
Gąsawa
46%
Barcin
38%
Iłowa
38%
Iłowa
38%
Mszczonów
38%
Szprotawa
38%
Bieżuń
31%
Gilowice
31%
Gozdnica
31%
Łodygowice
31%
Rogowo
31%
Ujsoły
31%
Węgierska Górka
31%
Wiskitki
31%
Janowiec Wielkopolski
23%
Jasień
23%
Łabiszyn
23%
Lipowa
23%
Lubowidz
23%
Lubsko
23%
Małomice
23%
Milówka
23%
Rajcza
23%
Ślemień
23%
Czernichów
15%
Jeleśnia
15%
Koszarawa
15%
Kuczbork-Osada
15%
Łękawica
15%
Lipinki Łużyckie
15%
Lutocin
15%
Przewóz
15%
Radziechowy-Wieprz
15%
Siemiątkowo
15%
Świnna
15%
Trzebiel
15%
Tuplice
15%
Brody
8%
Niegosławice
8%
Puszcza Mariańska
8%
Radziejowice
8%
Wymiarki
8%

Rozkład punktacji

Percentyl według liczby udzielonych odpowiedzi

Procent ludzi z każdym wynikiem

Twoja historia wyników

Nie rozwiązałeś tego quizu